000 00361nam a22001577a 4500
003 SGT
020 _a978-81-312-4314-5
082 _a611
_bT17N
100 _aNUSSBAUM, ROBERT L.
245 _aTHOMPSON & THOMPSON GENETICS IN MEDICINE
250 _a8TH
260 _aINDIA
_bELSEVIER
_c2017
300 _a546
650 _aANATOMY
942 _2ddc
_cBK
_01
999 _c15535
_d15535